Is It On the Mississippi River? - Statistics

General Stats
  • This quiz has been taken 70 times
  • The average score is 18 of 20
Answer Stats
Hint Answer % Correct
Seattle • No •
98%
Tampa • No •
98%
New Orleans - Yes -
98%
St. Louis - Yes -
98%
Baton Rouge - Yes -
96%
Baltimore • No •
94%
San Francisco • No •
94%
Chicago • No •
92%
Tucson • No •
92%
Albany • No •
92%
Detroit • No •
92%
Memphis - Yes -
90%
Jacksonville • No •
88%
Saint Paul - Yes -
88%
Indianapolis • No •
85%
Minneapolis - Yes -
85%
Milwaukee • No •
79%
Dubuque - Yes -
73%
Davenport - Yes -
71%
Kansas City • No •
58%
No matching quizzes found
Score Distribution
Percent of People with Each Score
Percentile by Number Answered
Your Score History
You have not taken this quiz